Advanced Study of Women Gymnastics/ (Record no. 208023)

MARC details
000 -LEADER
fixed length control field 00701nam a22001937a 4500
005 - DATE AND TIME OF LATEST TRANSACTION
control field 20250103151051.0
010 ## - LCCN (DPL NO)
LC control number ENG-143175
020 ## - INTERNATIONAL STANDARD BOOK NUMBER
International Standard Book Number 9789384603342
Terms of availability 1495.00
035 ## - SYSTEM CONTROL NUMBER
System control number EN-126707
037 ## - SOURCE OF ACQUISITION
Source of stock number/acquisition DBAD
082 ## - DEWEY DECIMAL CLASSIFICATION NUMBER
Classification number 796.44082
100 ## - MAIN ENTRY--PERSONAL NAME
Personal name Debnath, Kalpana
245 ## - TITLE STATEMENT
Title Advanced Study of Women Gymnastics/
Statement of responsibility, etc By Kalpana Debnath [and] Gurdial Singh Bawa
260 ## - PUBLICATION, DISTRIBUTION, ETC. (IMPRINT)
Place of publication, distribution, etc New Delhi
Name of publisher, distributor, etc Sports Educational Technologies
Date of publication, distribution, etc 2019
270 ## - ADDRESS
Address 102,4787 /23, Ansari Road
City New Delhi
Postal code 110002
Telephone number 011-27601805, 9312220441
Electronic mail address sportseducationaltechnologies@gmail.com
300 ## - PHYSICAL DESCRIPTION
Extent 283p.
Dimensions 24cm(hbk)
700 ## - ADDED ENTRY--PERSONAL NAME
Personal name Bawa, Gurdial Singh
Relator term Author
9 (RLIN) 75825
942 ## - ADDED ENTRY ELEMENTS (KOHA)
Source of classification or shelving scheme Dewey Decimal Classification
Item type English Books
Call number suffix DEB
Classification part 796.44082
Holdings
Withdrawn status Lost status Not for loan Collection code Home library Current library Date acquired Source of acquisition Cost, normal purchase price Full call number Barcode Copy number Cost, replacement price Koha item type
      Non-fiction Kadipur Kadipur 03/01/2025 Delivery of Books Division 1495.00 DEB 796.44082 EN-126707 1 1495.00 English Books

© Delhi Public Library
Hit Counter
free hit counter